000 00400nam a2200145 4500
999 _c1405
_d1405
008 200123b ||||| |||| 00| 0 eng d
082 0 0 _a658.3
_bF626
100 _91019
_aFlippo, Edwin B.
245 1 0 _aPrinciples of personnel management
_cby Edwin B. Flippo
250 _a3rd ed.
260 _aTokyo
_bMcGraw-Hill
_c1971
300 _axiii, 585 p.
650 0 _aPersonnel Management
942 _2ddc
_cBK